Random Countries by Coat of Arms & Emblem - Statistics

General Stats
  • This quiz has been taken 57 times
  • The average score is 13 of 20
Answer Stats
Picture Answer % Correct
Afghanistan
100%
Albania
100%
Andorra
100%
Angola
100%
Antigua and Barbuda
100%
Austria
100%
Azerbaijan
100%
Bahamas
100%
Bhutan
100%
Bolivia
100%
Brazil
100%
Cape Verde
100%
Central African Republic
100%
Chad
100%
Comoros
100%
Costa Rica
100%
Croatia
100%
Cyprus
100%
Czech Republic
100%
Djibouti
100%
Dominica
100%
Ecuador
100%
Egypt
100%
El Salvador
100%
Equatorial Guinea
100%
Eritrea
100%
Eswatini
100%
Ethiopia
100%
Germany
100%
Guatemala
100%
Guinea
100%
Guinea-Bissau
100%
Haiti
100%
Italy
100%
Jamaica
100%
Kenya
100%
Laos
100%
Lebanon
100%
Libya
100%
Liechtenstein
100%
Lithuania
100%
Madagascar
100%
Mali
100%
Marshall Islands
100%
Monaco
100%
Montenegro
100%
Morocco
100%
Mozambique
100%
Myanmar
100%
Nepal
100%
New Zealand
100%
Niger
100%
North Macedonia
100%
Pakistan
100%
Papua New Guinea
100%
Philippines
100%
Qatar
100%
San Marino
100%
Saudi Arabia
100%
Serbia
100%
Slovenia
100%
Somalia
100%
South Sudan
100%
Sweden
100%
Syria
100%
Tanzania
100%
Thailand
100%
Tunisia
100%
Turkey
100%
Turkmenistan
100%
Tuvalu
100%
United States of America
100%
Zambia
100%
Botswana
80%
Iceland
80%
Iraq
80%
Mauritania
80%
Dominican Republic
75%
Greece
75%
Hungary
75%
Kuwait
75%
Solomon Islands
75%
Bosnia and Herzegovina
67%
China
67%
Estonia
67%
Fiji
67%
Georgia
67%
Iran
67%
Israel
67%
Japan
67%
Jordan
67%
Micronesia
67%
Namibia
67%
North Korea
67%
Poland
67%
Russia
67%
Senegal
67%
United Arab Emirates
67%
Uruguay
67%
Vanuatu
67%
Zimbabwe
67%
France
60%
Malaysia
60%
Argentina
50%
Bahrain
50%
Bangladesh
50%
Barbados
50%
Burundi
50%
Congo
50%
Denmark
50%
Gabon
50%
Grenada
50%
India
50%
Ireland
50%
Kazakhstan
50%
Kiribati
50%
Lesotho
50%
Luxembourg
50%
Malawi
50%
Mexico
50%
Moldova
50%
Nauru
50%
Netherlands
50%
Norway
50%
Palau
50%
Panama
50%
Paraguay
50%
Rwanda
50%
Seychelles
50%
Sri Lanka
50%
Tajikistan
50%
Trinidad and Tobago
50%
Uzbekistan
50%
Vietnam
50%
Indonesia
33%
Ivory Coast
33%
Mauritius
33%
Nigeria
33%
Belize
25%
Palestine
25%
Romania
25%
Algeria
0%
Armenia
0%
Australia
0%
Belarus
0%
Belgium
0%
Benin
0%
Brunei
0%
Bulgaria
0%
Burkina Faso
0%
Cambodia
0%
Cameroon
0%
Canada
0%
Chile
0%
Colombia
0%
Cuba
0%
Democratic Republic of the Congo
0%
East Timor
0%
Finland
0%
Gambia
0%
Ghana
0%
Guyana
0%
Honduras
0%
Kyrgyzstan
0%
Latvia
0%
Liberia
0%
Maldives
0%
Malta
0%
Mongolia
0%
Nicaragua
0%
Oman
0%
Peru
0%
Portugal
0%
Saint Kitts and Nevis
0%
Saint Lucia
0%
Saint Vincent and the Grenadines
0%
Samoa
0%
São Tomé and Príncipe
0%
Sierra Leone
0%
Singapore
0%
Slovakia
0%
South Africa
0%
South Korea
0%
Spain
0%
Sudan
0%
Suriname
0%
Switzerland
0%
Togo
0%
Tonga
0%
Uganda
0%
Ukraine
0%
United Kingdom
0%
Vatican
0%
Venezuela
0%
Yemen
0%
No matching quizzes found
Score Distribution
Percent of People with Each Score
Percentile by Number Answered
Your Score History
You have not taken this quiz